Statystyki dla Skład Sevilli w La Liga 2023/24

Kliknij tutaj aby rozwiązać quiz!

Ogólne statystyki

  • Ten quiz został rozwiązany 13 razy
  • Średni wynik to 12 z 25

Statystyki odpowiedzi

NumerZawodnik% Poprawnych
16Jesus Navas
91%
19Marcos Acuna
91%
10Ivan Rakitić
73%
5Lucas Ocampos
73%
15Youssef En-Nesyri
73%
4Sergio Ramos
64%
17Erik Lamela
55%
8Joan Jordan
55%
21Oliver Torres
55%
7Suso
55%
20Fernando
45%
1Marko Dmitrović
45%
6Nemanja Gudelj
45%
14Tanguy Nianzou
45%
22Loic Bade
36%
23Marcao
36%
13Orjan Nyland
36%
9Rafa Mir
36%
3Adria Pedrosa
27%
24Boubakary Soumare
27%
11Dodi Lukebakio
27%
12Mariano Diaz
27%
31Alberto Flores
18%
18Djibril Sow
18%
2Federico Gattoni
18%

Rozkład punktacji

Percentyl według liczby udzielonych odpowiedzi

Procent ludzi z każdym wynikiem

Twoja historia wyników

Nie rozwiązałeś tego quizu